La madre de los tomates : (Registro nro. 14361)

Detalles MARC
000 -LIDER
fixed length control field 01060cam a22003133a 4500
001 - NÚMERO DE CONTROL
Identificador de número de control
003 - IDENTIFICACDOR DE NÚMERO DE CONTROL
control field DO-SdBNP
005 - DATE AND TIME OF LATEST TRANSACTION
control field 20230221092632.0
007 - CAMPOS FIJOS DE DESCRIPCIÓN FÍSICA
fixed length control field
008 - ELEMENTOS DE LONGITUD FIJA
fixed length control field 861112 2012 dr a 000 0 spa d
010 ## - NUMERO DE CONTROL DE BIBLIOTECA DEL CONGRESO
LC control number
020 ## - ISBN
International Standard Book Number 9789945885002
040 ## - FUENTE DE CATALOGACIÓN
Agencia que crea de manera original el registro BPMSU
Agencia que realiza la transcripción spa
Agencia que realiza la modificación BPMSU
--
082 #4 - NÚMERO DE CLASIFICACIÓN DECIMAL DE DEWEY
Classification number RD867.44
Item number C764m 2012
Edition number 22
100 1# - ASIENTO PRINCIPAL -- NOMBRE PERSONAL
Nombre personal Contreras, Brunilda
245 13 - MENCIÓN DE TITULO
Título La madre de los tomates :
Subtítulo un libro de colmos /
Mención de responsabilidad Brunilda Contreras; edición Lucía Amelia Cabral; ilustraciones Patricia Garrido ; sinopsis Rafael Peralta Romero
260 ## - PUBLICACIÓN, DISTRIBUCIÓN, ETC. (PIE DE IMPRENTA)
Lugar de publicación, distribución, etc Santo Domingo :
Nombre del editor, distribuidor, etc. Ediciones Infantiles Dominicanas
Fecha de publicación, distribución, etc 2012
300 ## - DESCRIPCIÓN FÍSICA
Extensión [284] p. :
Otros detalles físicos il. ;
Dimensiones 20 cm.
521 ## - TARGET AUDIENCE NOTE
Target audience note A partir de 6 años.
590 ## - NOTA LOCAL
Enlace Inventariado, 2023/VM
650 #4 - ENCABEZAMIENTO DE MATERIA--TEMÁTICO
Término temático o nombre geográfico como elemento de entrada Humorismo
650 #4 - ENCABEZAMIENTO DE MATERIA--TEMÁTICO
Término temático o nombre geográfico como elemento de entrada Colmos, chistes infantiles
650 #4 - ENCABEZAMIENTO DE MATERIA--TEMÁTICO
Término temático o nombre geográfico como elemento de entrada Literatura intantil
700 1# - ASIENTO SECUNDARIO -- NOMBRE PERSONAL
Nombre personal Cabral, Lucía Amelia
Mención de responsabilidad ed.
700 1# - ASIENTO SECUNDARIO -- NOMBRE PERSONAL
Nombre personal ilustraciones Patricia Garrido ; sinopsis Rafael Peralta Romero
700 1# - ASIENTO SECUNDARIO -- NOMBRE PERSONAL
Nombre personal Garrido,Patricia
Mención de responsabilidad il.
910 ## - VALIDACIÓN
Validación VMateo V. Control de calidad
942 ## - ADDED ENTRY ELEMENTS (KOHA)
Source of classification or shelving scheme Dewey Decimal Classification
Koha item type Libros
Existencias
Withdrawn status Lost status Source of classification or shelving scheme Damaged status Not for loan Collection code Home library Current library Date acquired Full call number Barcode Date last seen Price effective from Koha item type Total Checkouts Copy number
    Dewey Decimal Classification     Colección Infantil Dominicana Biblioteca Pública Metropolitana Salomé Ureña Biblioteca Pública Metropolitana Salomé Ureña 02/21/2023 BPMSU CDI RD867.44 C764m 2012 BPMSU23020010 02/21/2023 02/21/2023 Libros    
    Dewey Decimal Classification     Colección Infantil Dominicana Biblioteca Pública Metropolitana Salomé Ureña Biblioteca Pública Metropolitana Salomé Ureña 02/21/2023 BPMSU CDI RD867.44 C764m 2012 BPMSU23020011 02/21/2023 02/21/2023 Libros   e.2
    Dewey Decimal Classification     Colección Infantil Dominicana Biblioteca Pública Metropolitana Salomé Ureña Biblioteca Pública Metropolitana Salomé Ureña 02/21/2023 BPMSU CDI RD867.44 C764m 2012 BPMSU23020012 02/21/2023 02/21/2023 Libros   e.3